Mundo profesional 1 (Record no. 5046)

MARC details
000 -CABECERA
campo de control de longitud fija 02752nam a22002777a 4500
008 - DATOS DE LONGITUD FIJA--INFORMACIÓN GENERAL
campo de control de longitud fija 251014b |||||||| |||| 00| 0 eng d
020 ## - NÚMERO INTERNACIONAL ESTÁNDAR DEL LIBRO
Número Internacional Estándar del Libro 9788411573245
040 ## - FUENTE DE LA CATALOGACIÓN
Centro/agencia transcriptor tbs
041 ## - CÓDIGO DE LENGUA
Código de lengua del texto/banda sonora o título independiente eng
100 ## - ENTRADA PRINCIPAL--NOMBRE DE PERSONA
Nombre de persona Díaz Gutiérrez, Eva
9 (RLIN) 26154
Término indicativo de función/relación author
245 ## - MENCIÓN DE TÍTULO
Título Mundo profesional 1
Resto del título : edición híbrida : libro + plataforma digital : curso de español para ámbitos profesionales A1-A2
Mención de responsabilidad, etc. / Eva Díaz Gutiérrez, Eva Narvajas Colón, Pilar Pérez Cañizares, María Suárez Lasierra.
260 ## - PUBLICACIÓN, DISTRIBUCIÓN, ETC.
Lugar de publicación, distribución, etc. Barcelona :
Nombre del editor, distribuidor, etc. Difusión,
Fecha de publicación, distribución, etc. 2025.
300 ## - DESCRIPCIÓN FÍSICA
Extensión 189 pages :
Otras características físicas illustrations (color) ;
Dimensiones 28 cm.
490 ## - MENCIÓN DE SERIE
Mención de serie Mundo profesional ;
Designación de volumen o secuencia 1
520 ## - SUMARIO, ETC.
Sumario, etc. Un manual ideal para aprender a usar el español en contextos profesionales.<br/><br/>• Ofrece una visión de las realidades empresariales y profesionales del mundo hispanohablante.<br/><br/>• Forma a los usuarios para comunicarse de manera efectiva en el entorno laboral: videoconferencias, correos electrónicos, mensajería y más.<br/><br/>• La estructura es muy clara, con una progresión equilibrada de contenidos.<br/><br/>• Cada unidad incluye un resumen del vocabulario, la gramática y los recursos comunicativos más importantes.<br/><br/>• Se presta especial atención a los aspectos interculturales.<br/><br/>• Desarrolla todas las competencias con un enfoque particular en la mediación.<br/><br/>• Ofrece videos auténticos.<br/><br/>• Edición híbrida: libro + plataforma digital con una gran cantidad de recursos (libro interactivo, audio, videos, exámenes, glosarios, etc.).
520 ## - SUMARIO, ETC.
Sumario, etc. An ideal textbook for learning to use Spanish in professional contexts.<br/><br/>• Provides insight into the business and professional realities of the Spanish-speaking world.<br/>• Trains learners to communicate effectively in the workplace: videoconferences, emails, messaging, and more.<br/>• Features a clear structure with a balanced progression of content.<br/>• Each unit includes a summary of the most important vocabulary, grammar, and communication tools.<br/>• Pays special attention to intercultural aspects.<br/>• Develops all skills, with a particular focus on mediation.<br/>• Includes authentic videos.<br/>• Hybrid edition: book + digital platform with a wide range of resources (interactive book, audio, videos, exams, glossaries, etc.).
650 #0 - PUNTO DE ACCESO ADICIONAL DE MATERIA--TÉRMINO DE MATERIA
Término de materia o nombre geográfico como elemento de entrada Spanish language
Subdivisión general Grammar
9 (RLIN) 10270
650 #0 - PUNTO DE ACCESO ADICIONAL DE MATERIA--TÉRMINO DE MATERIA
Término de materia o nombre geográfico como elemento de entrada Spanish language
Subdivisión general Study and teaching
9 (RLIN) 26155
650 #0 - PUNTO DE ACCESO ADICIONAL DE MATERIA--TÉRMINO DE MATERIA
Término de materia o nombre geográfico como elemento de entrada Spanish language
Subdivisión general Study and teaching
-- Foreign speakers
9 (RLIN) 12080
650 #0 - PUNTO DE ACCESO ADICIONAL DE MATERIA--TÉRMINO DE MATERIA
Término de materia o nombre geográfico como elemento de entrada Spanish language
Subdivisión de forma Composition and exercises
9 (RLIN) 26157
650 #0 - PUNTO DE ACCESO ADICIONAL DE MATERIA--TÉRMINO DE MATERIA
Término de materia o nombre geográfico como elemento de entrada Spanish language
Subdivisión general Business Spanish
9 (RLIN) 26156
700 ## - ENTRADA AGREGADA--NOMBRE PERSONAL
Nombre de persona Narvajas Colón, Eva
9 (RLIN) 26160
Término indicativo de función/relación author
700 ## - ENTRADA AGREGADA--NOMBRE PERSONAL
Nombre de persona Pérez Cañizares, Pilar
9 (RLIN) 26161
Término indicativo de función/relación author
700 ## - ENTRADA AGREGADA--NOMBRE PERSONAL
Nombre de persona Suárez Lasierra, María
9 (RLIN) 26162
Término indicativo de función/relación author
942 ## - ELEMENTOS DE ENTRADA AGREGADA (KOHA)
Fuente del sistema de clasificación o colocación Clasificación de Library of Congress
Holdings
Estado de retiro Estado de pérdida Fuente del sistema de clasificación o colocación Estado dañado No para préstamo Biblioteca de origen Biblioteca actual Fecha de adquisición Total de préstamos Signatura topográfica completa Código de barras Fecha visto por última vez Número de copia Precio válido a partir de Tipo de ítem Koha
    Clasificación de Library of Congress     TBS Barcelona TBS Barcelona 14/10/2025   P-SP LEARN DIA B07688 14/10/2025 1 14/10/2025 Teach Yourself Spanish

Powered by Koha